|
|
|
|
| LEADER |
00000nam0a2200000 4500 |
| 001 |
324376 |
| 005 |
20231102003649.0 |
| 035 |
|
|
|a (RuTPU)RU\TPU\book\349974
|
| 090 |
|
|
|a 324376
|
| 100 |
|
|
|a 20161115d1946 km y0rusy50 ca
|
| 101 |
0 |
|
|a rus
|
| 102 |
|
|
|a RU
|
| 105 |
|
|
|a a z 011zb
|
| 200 |
1 |
|
|a Академику Дмитрию Степановичу Белянкину к семидесятилетию со дня рождения и сорокапятилетию научной деятельности
|f Академия наук СССР (АН СССР), Институт геологических наук (ИГН) ; под ред. А. Е. Ферсмана
|
| 210 |
|
|
|a Москва
|c Изд-во Академии наук СССР
|d 1946
|
| 215 |
|
|
|a 680 с.
|c ил.
|
| 320 |
|
|
|a Библиогр. в конце ст.
|
| 600 |
|
1 |
|a Белянкин
|b Д. С.
|c академик АН СССР
|c геолог
|c минералог
|c петрограф
|c физикохимик
|f 1876-1953
|g Дмитрий Степанович
|2 stltpush
|3 (RuTPU)RU\TPU\pers\22056
|9 9337
|
| 606 |
1 |
|
|a Геологи
|x Персоналии
|2 stltpush
|3 (RuTPU)RU\TPU\subj\67544
|9 83301
|
| 610 |
1 |
|
|a минералогия
|
| 610 |
1 |
|
|a минералы
|
| 610 |
1 |
|
|a петрография
|
| 610 |
1 |
|
|a региональная петрография
|
| 610 |
1 |
|
|a экспериментальные исследования
|
| 610 |
1 |
|
|a изверженные породы
|
| 610 |
1 |
|
|a научные труды
|
| 610 |
1 |
|
|a интрузии
|
| 610 |
1 |
|
|a Урал
|
| 610 |
1 |
|
|a Казахстан
|
| 610 |
1 |
|
|a горные породы
|
| 610 |
1 |
|
|a базальты
|
| 610 |
1 |
|
|a Камчатка
|
| 610 |
1 |
|
|a вулканические районы
|
| 610 |
1 |
|
|a Закавказье
|
| 610 |
1 |
|
|a высокотемпературные месторождения
|
| 610 |
1 |
|
|a Кавказ
|
| 610 |
1 |
|
|a эвтектики
|
| 610 |
1 |
|
|a эвтоника
|
| 610 |
1 |
|
|a хромиты
|
| 610 |
1 |
|
|a химический анализ
|
| 610 |
1 |
|
|a рефрактометры
|
| 675 |
|
|
|a 55(092)
|v 3
|
| 702 |
|
1 |
|a Ферсман
|b А. Е.
|4 340
|
| 712 |
0 |
2 |
|a Академия наук СССР (АН СССР)
|b Институт геологических наук (ИГН)
|c (Ленинград/Москва)
|c (1937-1956)
|2 stltpush
|3 (RuTPU)RU\TPU\col\15163
|
| 801 |
|
1 |
|a RU
|b 63413507
|c 20161115
|
| 801 |
|
2 |
|a RU
|b 63413507
|c 20200210
|g RCR
|
| 942 |
|
|
|c BK
|